Radiohead Songs In Spanish - Statistics

General Stats
  • This quiz has been taken 62 times
  • The average score is 8 of 12
Answer Stats
Hint Answer % Correct
Cómo desaparecer completamente How to Disappear Completely
98%
Todo lo que necesito All I Need
83%
Flor de loto Lotus Flower
80%
Ir a dormir Go To Sleep
78%
Navega a la Luna Sail to the Moon
76%
Un lobo en la puerta A Wolf at the Door
72%
Más en forma Más feliz Fitter Happier
59%
Ojos de cristal Glass Eyes
57%
Dedos de árbol Treefingers
50%
Verdura Vegetable
48%
Suerte Lucky
44%
Huesos Bones
33%
No matching quizzes found
Score Distribution
Percent of People with Each Score
Percentile by Number Answered
Your Score History
You have not taken this quiz